000
00309nam a22001337a 4500
008
170303b xxu||||| |||| 00| 0 eng d
020
_a
3131074418
041
_a
eng
080
_a
616.073
100
_a
6
101
_a
SHM
245
_a
POCKET ATLAS OF RADIOGRAPHIC POSITIONING
_c
MOLLER, T.B
942
_2
udc
_c
BK
999
_c
6707
_d
6707